01293nab a22002417a 4500003000400000005001700004008004100021040000700062100002400069245013100093260007200224300001300296500003900309505031100348505008900659650002000748650002700768650002800795650004200823650002700865700002100892773013800913OSt20260114153920.0190605e xxu||||| |||| 00| 0 spa d cPJ aFernández, Diego 10aEmpleados, datos personales, intimidad y teletrabajo : bun abordaje multidisciplinario /cDiego Fernández, Diego S. Kelly.  aCiudad Autónoma de Buenos Aires :bThomson Reuters La Ley,c2022. ap. 15-22 aCita: TR LALEY AR/DOC/2435/2022.  aSumario: I. Comentarios preliminares.— II. El derecho a la intimidad del trabajador y la facultad de control del empleador.— III. El teletrabajo como circunstancia objetiva que explica la necesidad de reforzar el control.— IV. Análisis desde la perspectiva de datos personales.— V. Conclusión.  t¿Te interesa el texto completo? Solicitalo al correo: koha@justierradelfuego.gov.ar 0aDERECHO LABORAL 0aDERECHO A LA INTIMIDAD 0aDERECHOS DEL TRABAJADOR 0aDERECHOS Y GARANTIAS CONSTITUCIONALES 0aINFORMACIÓN SENSIBLE aKelly, Diego S. 0 02711dCiudad Autónoma de Buenos Aires : Thomson Reuters La Ley, 1999-2002.tRevista de derecho del trabajo. Nº 5 - Septiembre 2022